000 00797nam a2200253 i 4500
001 C2-0255606
003 PPAK
005 20180727223237.0
008 040614s2004 at a|||| ||||| | eng d
020 _a1740595009
040 _aPPAK
_beng
_cPPAK
_erda
082 0 4 _a915.9304
_223
090 0 0 _a915.9304
_bBIN
_dR
100 1 _aBindloss, Joe,
_eauthor
245 1 0 _aThailand's :
_bislands & beaches
264 1 _aMelbourne :
_bLonely Planet Publications ,
_c2004
300 _a468 pages :
_bcolour illustrations ;
_c20 cm
336 _2rdacontent
_atext
337 _2rdamedia
_aunmediated
338 _2rdacarrier
_avolume
650 1 0 _aIslands - Thailand - Discription and travel ; Islands - Thailand - Guidebooks ; Beaches - Thailand - Guidebooks
700 _eauthor
942 _ddc
_cB
999 _c67959
_d67959